| 000 | 00443nam a2200181Ia 4500 | ||
|---|---|---|---|
| 005 | 20240823044206.0 | ||
| 008 | 240823s9999||||xx |||||||||||||| ||und|| | ||
| 020 | _a978-81-908343-2-2 | ||
| 041 | _aENGLISH | ||
| 082 | _A006.6 P9 | ||
| 100 | _aMehalMathivanan | ||
| 245 | 0 | _aGraphics and Multimedia | |
| 250 | _a1st | ||
| 260 |
_c2008 _b"Charulatha,Ch" |
||
| 500 | _aTRANSFERED | ||
| 650 |
_aMultimedia _bComputer Science |
||
| 942 | _cBK | ||
| 999 |
_c211986 _d211986 |
||